[Event "Budapest Nyar op"]
[Site "Budapest"]
[Date "1998.??.??"]
[Round "1"]
[White "Boguszlavszkij, Jevgenyij"]
[Black "Samoilov, Ivan V"]
[Result "1-0"]
[WhiteElo "2300"]
[BlackElo "2065"]
[PlyCount "61"]
[EventDate "1998.??.??"]
[EventType "swiss"]
[EventRounds "9"]
[EventCountry "HUN"]
[SourceTitle "EXT 2000"]
[Source "ChessBase"]
[SourceDate "1999.11.16"]
[SourceVersion "1"]
[SourceVersionDate "1999.11.16"]
[SourceQuality "1"]

1. d4 d5 2. Nf3 Nf6 3. e3 Bg4 4. h3 Bh5 5. Bd3 e6 6. Nbd2 Bd6 7. c3 0-0 8. 0-0 c5 9. Re1 cxd4 10. exd4 Nc6 11. Qc2 Qc7 12. Ng5 Bg6 13. Bxg6 hxg6 14. Ndf3 Rfe8 15. Qd3 Rab8 16. Bd2 b5 17. a3 a5 18. b4 Qb7 19. Re2 Ra8 20. Rae1 axb4 21. cxb4 Nd7 22. Nxf7 Kxf7 23. Ng5+ Kg8 24. Rxe6 Rxe6 25. Rxe6 Qc7 26. Qf3 Nb6 27. Rxg6 Nxd4 28. Qh5 Be5 29. Qh7+ Kf8 30. Qh8+ Ke7 31. Rxg7+ 1-0

[Event "Budapest Nyar op"]
[Site "Budapest"]
[Date "1998.??.??"]
[Round "4"]
[White "Fordan, Tibor"]
[Black "Samoilov, Ivan V"]
[Result "1/2-1/2"]
[WhiteElo "2245"]
[BlackElo "2065"]
[PlyCount "102"]
[EventDate "1998.??.??"]
[EventType "swiss"]
[EventRounds "9"]
[EventCountry "HUN"]
[SourceTitle "EXT 2000"]
[Source "ChessBase"]
[SourceDate "1999.11.16"]
[SourceVersion "1"]
[SourceVersionDate "1999.11.16"]
[SourceQuality "1"]

1. d4 Nf6 2. c4 g6 3. Nc3 Bg7 4. e4 d6 5. Nf3 0-0 6. Be2 Nbd7 7. 0-0 e5 8. dxe5 dxe5 9. h3 c6 10. Be3 Qc7 11. Qc2 Rd8 12. Rfd1 b6 13. Rd2 Bb7 14. Rad1 Nh5 15. g3 Nf8 16. c5 b5 17. Nh2 Nf6 18. Ng4 Ne6 19. Rd6 Nxg4 20. Bxg4 Nd4 21. Bxd4 exd4 22. Rxd8+ Rxd8 23. Ne2 h5 24. Bf3 Bc8 25. Bg2 Be6 26. b3 h4 27. gxh4 Qe7 28. h5 g5 29. Ng3 Qd7 30. Qd2 Bh6 31. h4 Qe7 32. Nf5 Bxf5 33. exf5 Qf6 34. hxg5 Bxg5 35. Qd3 Re8 36. Qxd4 Re1+ 37. Bf1 Rxd1 38. Qxd1 Qxf5 39. Qd6 Bh4 40. Qh2 Qxh5 41. Qg2+ Qg5 42. Qxg5+ Bxg5 43. Bg2 Be7 44. b4 a5 45. a3 axb4 46. axb4 Bf6 47. Bxc6 Bc3 48. Bxb5 Bxb4 49. c6 Ba5 50. Kg2 Kf8 51. f4 Ke7 1/2-1/2

[Event "Budapest Nyar op"]
[Site "Budapest"]
[Date "1998.??.??"]
[Round "2"]
[White "Samoilov, Ivan V"]
[Black "Ferencz, Istvan"]
[Result "1-0"]
[WhiteElo "2065"]
[BlackElo "2110"]
[PlyCount "57"]
[EventDate "1998.??.??"]
[EventType "swiss"]
[EventRounds "9"]
[EventCountry "HUN"]
[SourceTitle "EXT 2000"]
[Source "ChessBase"]
[SourceDate "1999.11.16"]
[SourceVersion "1"]
[SourceVersionDate "1999.11.16"]
[SourceQuality "1"]

1. e4 Nc6 2. Nf3 f5 3. exf5 d5 4. Nh4 e5 5. Qh5+ g6 6. fxg6 Nf6 7. g7+ Nxh5 8. gxh8Q Qxh4 9. Bb5 Qe4+ 10. Kf1 Nf4 11. f3 Qf5 12. d4 Ng6 13. Qxh7 Qxc2 14. Nc3 Bf5 15. Nxd5 Qd1+ 16. Kf2 Qxd4+ 17. Ne3 0-0-0 18. Rd1 Qc5 19. Rxd8+ Nxd8 20. Bc4 Qd4 21. Qh5 Ne7 22. Ke1 Bd7 23. Qh7 Nec6 24. Qe4 Bb4+ 25. Ke2 Qd6 26. a3 Nd4+ 27. Kf2 Bc5 28. b4 Bb6 29. Bb2 1-0

[Event "Budapest Nyar op"]
[Site "Budapest"]
[Date "1998.??.??"]
[Round "8"]
[White "Samoilov, Ivan V"]
[Black "Vajda, Szidonia"]
[Result "1-0"]
[WhiteElo "2065"]
[BlackElo "2270"]
[PlyCount "69"]
[EventDate "1998.??.??"]
[EventType "swiss"]
[EventRounds "9"]
[EventCountry "HUN"]
[SourceTitle "EXT 2000"]
[Source "ChessBase"]
[SourceDate "1999.11.16"]
[SourceVersion "1"]
[SourceVersionDate "1999.11.16"]
[SourceQuality "1"]

1. e4 c5 2. Nf3 d6 3. d4 Nf6 4. Nc3 cxd4 5. Nxd4 a6 6. Bg5 e6 7. f4 Qc7 8. Qf3 b5 9. 0-0-0 b4 10. Nce2 Bb7 11. Bxf6 gxf6 12. Ng3 Nc6 13. Nxc6 Qxc6 14. Qh5 Rc8 15. Bd3 Qa4 16. Kb1 Rc5 17. f5 Be7 18. Qg4 e5 19. Qg7 Rf8 20. Nh5 Ra5 21. Bc4 Bxe4 22. Bb3 Qd7 23. Nxf6+ Bxf6 24. Qxf6 Qe7 25. Qh6 f6 26. Qe3 d5 27. Qb6 Qc5 28. Qe6+ Kd8 29. Rhe1 Bxg2 30. Rg1 Qf2 31. Bxd5 Rxd5 32. Rxd5+ Bxd5 33. Qxd5+ Kc8 34. Qc6+ Kb8 35. Qd6+ 1-0